Tạp chí Kinh tế và Ngân hàng Châu Á Số 154 &155
Tạp chí này có đề cập về các lý thuyết kinh tế, kinh tế ứng dụng. Tài chính, dự báo trong tài chính-tiền tệ, ngân hàng. Quản trị kinh doanh, khoa học quản lý và các chủ đề liên quan cũng được khuyến khích....
Đã lưu trong:
| Định dạng: | Sách |
|---|---|
| Ngôn ngữ: | Vietnamese |
| Được phát hành: |
Thành phố Hồ Chí Minh
Trường Đại học Ngân hàng thành phố Hồ Chí Minh
2019
|
| Những chủ đề: | |
| Các nhãn: |
Thêm thẻ
Không có thẻ, Là người đầu tiên thẻ bản ghi này!
|
| Thư viện lưu trữ: | Thư viện Trường Đại học Nam Cần Thơ |
|---|
| LEADER | 01144nam a22002057a 4500 | ||
|---|---|---|---|
| 001 | NCT_128514 | ||
| 008 | 220526b xxu||||| |||| 00| 0 vie d | ||
| 999 | |c 6591 |d 6591 | ||
| 022 | |a 1859-3682 | ||
| 041 | |a vie | ||
| 082 | 0 | 4 | |2 23rd ed. |a 332 |b T109C |
| 245 | 0 | 0 | |a Tạp chí Kinh tế và Ngân hàng Châu Á |n Số 154 &155 |c Trường Đại học Ngân hàng thành phố Hồ Chí Minh |
| 260 | |a Thành phố Hồ Chí Minh |b Trường Đại học Ngân hàng thành phố Hồ Chí Minh |c 2019 | ||
| 300 | |c 27cm | ||
| 362 | |a 01 & 02/2019 | ||
| 520 | 3 | |a Tạp chí này có đề cập về các lý thuyết kinh tế, kinh tế ứng dụng. Tài chính, dự báo trong tài chính-tiền tệ, ngân hàng. Quản trị kinh doanh, khoa học quản lý và các chủ đề liên quan cũng được khuyến khích. | |
| 655 | |a Tạp chí | ||
| 942 | |2 ddc |c CR | ||
| 952 | |0 0 |1 0 |2 ddc |4 0 |6 332_000000000000000_T109C |7 0 |9 24310 |a 000001 |b 000001 |d 2022-05-26 |o 332 T109C |r 2022-05-26 |w 2022-05-26 |y CR | ||
| 980 | |a Thư viện Trường Đại học Nam Cần Thơ | ||